00263nam a2200097Ia 4500008004100000041001200041245003600053260004800089440000900137650001900146240126s9999 xx 000 0 und d aEnglish 0aJournal of Human Values (2005 - bIndian Institute of ManagementaLos Angeles aNULL aValues,(2005,-